KOHA-Header-6

A Text Book of Economics (Record no. 8910)

000 -LEADER
fixed length control field 00269nam a2200109Ia 4500
100 ## - MAIN ENTRY--AUTHOR NAME
Personal name Prof.M.Saeed Nasir
245 #2 - TITLE STATEMENT
Title A Text Book of Economics
260 ## - PUBLICATION, DISTRIBUTION, ETC. (IMPRINT)
Place of publication Karachi
Name of publisher Imtiaz book
Year of publication 2000
300 ## - PHYSICAL DESCRIPTION
Number of Pages 1156
942 ## - ADDED ENTRY ELEMENTS (KOHA)
Koha item type Books
Holdings
Withdrawn status Lost status Collection code Permanent Location Current Location Shelving location Date acquired Full call number Accession Number Koha item type
    Economics MAJU MAJU Shelf No.A47 2019-09-14 658.401 4055 Economics

Powered by Koha